[Event "IECG CE.2005.0.00089 email"]
[Site "IECG email"]
[Date "2005.08.28"]
[Round "?"]
[White "Cook, Phil"]
[Black "Davies, Stephen"]
[Result "1-0"]
[WhiteElo "1355"]
[BlackElo "1209"]
[PlyCount "35"]
[EventDate "2005.08.28"]
[EventType "tourn (corr)"]
[EventRounds "6"]
[SourceTitle "Corr 2008"]
[Source "ChessBase"]
[SourceDate "2008.06.24"]
[SourceVersion "1"]
[SourceVersionDate "2008.06.24"]
[SourceQuality "1"]

1. e4 c6 2. d4 d5 3. e5 Bf5 4. Bd3 Bxd3 5. Qxd3 e6 6. Ne2 c5 7. 0-0 c4 8. Qf3 f5 9. Nbc3 a6 10. b3 b5 11. bxc4 bxc4 12. Nf4 Qd7 13. Ncxd5 exd5 14. e6 Qe7 15. Nxd5 Qd8 16. Bg5 Nf6 17. Bxf6 gxf6 18. Qh5# 1-0

[Event "IECG CE.2005.0.00089 email"]
[Site "IECG email"]
[Date "2005.08.28"]
[Round "?"]
[White "Davies, Stephen"]
[Black "Harper, Roy"]
[Result "1-0"]
[WhiteElo "1209"]
[BlackElo "1258"]
[PlyCount "76"]
[EventDate "2005.08.28"]
[EventType "tourn (corr)"]
[EventRounds "6"]
[SourceTitle "Corr 2008"]
[Source "ChessBase"]
[SourceDate "2008.06.24"]
[SourceVersion "1"]
[SourceVersionDate "2008.06.24"]
[SourceQuality "1"]

1. e4 e5 2. Nf3 Nc6 3. Bb5 Nf6 4. 0-0 Bc5 5. Nxe5 Nxe5 6. d4 a6 7. Be2 Bxd4 8. Qxd4 Nc6 9. Qd3 0-0 10. Bg5 d6 11. Nc3 h6 12. Bxf6 Qxf6 13. Nd5 Qd8 14. Qc3 Re8 15. f3 Be6 16. Bc4 Ne5 17. Ne3 Nxc4 18. Nxc4 Qg5 19. Ne3 c5 20. Rad1 Rad8 21. Nd5 Rc8 22. Qe3 Qe5 23. Qc3 Bxd5 24. Qxe5 Rxe5 25. Rxd5 Rxd5 26. exd5 c4 27. Rd1 b5 28. c3 Re8 29. Kf2 g5 30. g3 Kg7 31. Rd2 Kf6 32. Rd4 h5 33. h3 a5 34. f4 g4 35. h4 Kf5 36. b3 cxb3 37. axb3 Rc8 38. c4 bxc4 1-0

[Event "IECG CE.2004.0.00070 email"]
[Site "IECG email"]
[Date "2004.04.23"]
[Round "?"]
[White "Davies, Stephen"]
[Black "Nemeth, Laszlo"]
[Result "1/2-1/2"]
[WhiteElo "1299"]
[BlackElo "1294"]
[PlyCount "98"]
[EventDate "2004.04.23"]
[EventType "tourn (corr)"]
[EventRounds "6"]
[SourceTitle "Corr 2008"]
[Source "ChessBase"]
[SourceDate "2008.06.24"]
[SourceVersion "1"]
[SourceVersionDate "2008.06.24"]
[SourceQuality "1"]

1. e4 g6 2. d4 Bg7 3. Nf3 c5 4. c4 cxd4 5. Nxd4 Nc6 6. Be3 Nf6 7. Nc3 Ng4 8. Nxc6 Nxe3 9. Nxd8 Nxd1 10. Rxd1 Kxd8 11. Kd2 b6 12. g3 h5 13. h4 Ba6 14. b3 Bb7 15. Bd3 Rc8 16. f4 Bd4 17. Rh2 Re8 18. Nb5 Bc5 19. Kc1 a6 20. Nc3 Be3+ 21. Kb1 e5 22. fxe5 Bd4 23. Nd5 Bxe5 24. Rg2 Bxd5 25. exd5 Bd6 26. g4 hxg4 27. Rxg4 Kc7 28. Rf1 Re7 29. Re4 Rxe4 30. Bxe4 f5 31. Bf3 Rh8 32. Rh1 Be7 33. h5 gxh5 34. Rxh5 Rxh5 35. Bxh5 b5 36. c5 Bxc5 37. Bf3 b4 38. Kc2 Kd6 39. Kd3 Ke5 40. Bh1 Kf4 41. Bg2 Kg3 42. Bh1 Kf2 43. Kd2 d6 44. Kd3 a5 45. Kd2 Be3+ 46. Kd3 Bc5 47. Kd2 f4 48. Kd3 Kg3 49. Ke2 Bd4 1/2-1/2

[Event "IECG CE.2004.0.00070 email"]
[Site "IECG email"]
[Date "2004.04.23"]
[Round "?"]
[White "Michos, Dionyssios"]
[Black "Davies, Stephen"]
[Result "1-0"]
[WhiteElo "1210"]
[BlackElo "1299"]
[PlyCount "109"]
[EventDate "2004.04.23"]
[EventType "tourn (corr)"]
[EventRounds "6"]
[SourceTitle "Corr 2008"]
[Source "ChessBase"]
[SourceDate "2008.06.24"]
[SourceVersion "1"]
[SourceVersionDate "2008.06.24"]
[SourceQuality "1"]

1. e4 g5 2. d4 h6 3. Nc3 Bg7 4. Bc4 e6 5. Nge2 Nc6 6. Be3 Nge7 7. 0-0 d5 8. exd5 exd5 9. Bb3 Be6 10. Ng3 0-0 11. a3 Qd7 12. Qd2 f5 13. f4 g4 14. Ba4 Nc8 15. Rae1 Nd6 16. Nh5 a6 17. Nxg7 Kxg7 18. Bf2 Rae8 19. Qd3 b5 20. Bb3 Ne4 21. Bh4 Ne7 22. Re3 c6 23. Ne2 Ng6 24. Be1 h5 25. Bb4 Rh8 26. a4 h4 27. axb5 axb5 28. c3 Qc7 29. h3 g3 30. Qd1 Bf7 31. Bc2 Re6 32. Qc1 Rhe8 33. Bd3 Nf2 34. Rxe6 Rxe6 35. Qd2 Nxd3 36. Qxd3 Re4 37. Qd2 Qd7 38. Nc1 Qe6 39. b3 Ne7 40. Nd3 Re2 41. Nc5 Qe3+ 42. Qxe3 Rxe3 43. Nd7 Be8 44. Bxe7 Rxe7 45. Ne5 Kh6 46. Ra1 Re6 47. Ra7 Bg6 48. Kf1 Bh5 49. Rc7 Be8 50. b4 Kh5 51. Rh7+ Rh6 52. Re7 Rh8 53. Re6 Rf8 54. Ke2 Bf7 55. Rf6 1-0

[Event "IECG QE.2003.0.00042"]
[Site "IECG email"]
[Date "2003.03.28"]
[Round "1"]
[White "Booth, Grahame"]
[Black "Davies, Stephen"]
[Result "0-1"]
[WhiteElo "1200"]
[BlackElo "1383"]
[PlyCount "38"]
[EventDate "2003.03.28"]
[EventType "tourn (corr)"]
[EventRounds "6"]
[SourceTitle "Corr 2008"]
[Source "ChessBase"]
[SourceDate "2008.06.24"]
[SourceVersion "1"]
[SourceVersionDate "2008.06.24"]
[SourceQuality "1"]

1. e4 c5 2. Qf3 e6 3. Nc3 Nc6 4. d3 Nf6 5. Nge2 d5 6. exd5 Nxd5 7. Nxd5 exd5 8. Qe3+ Qe7 9. Qf4 g6 10. c4 d4 11. Bd2 Bg7 12. g3 Bf5 13. 0-0-0 0-0 14. Bg2 Bxd3 15. Nxd4 Nxd4 16. Rde1 Qd7 17. Qh4 Qa4 18. b3 Nxb3+ 19. axb3 Qa1# 0-1